The freshwater imperative : (Registro nro. 2551)

Detalles MARC
000 -CABECERA
Campo de control 01378cam a2200313 a 4500
005 - FECHA Y HORA DE LA ULTIMA TRANSACCION
Campo de control 20170628020002.0
008 - ELEMENTOS DE LONGITUD FIJA—INFORMACION GENERAL
Campo de control 941024s1995 dcua b 001 0 eng
020 ## - ISBN
ISBN 1559634065 (cloth : acidfree paper)
020 ## - ISBN
ISBN 1559634073 (paper : acidfree paper)
040 ## - FUENTE DE CATALOGACIÓN
Agencia catalogadora original DLC
Agencia transcriptora DLC
Agencia Modificadora CO-BoIAVH
041 ## - IDIOMA
Código de idioma para texto/pista de sonido o título separado Inglés
082 00 - NUMERO DE CLASIFICACION DECIMAL DEWEY
Número de clasificación 574.52632072
Número del ítem T37t
245 04 - MENCION DE TITULO
Título The freshwater imperative :
Parte restante del título a research agenda /
Mención de responsabilidad edited by Robert J. Naiman ... [et al.].
260 ## - PUBLICACION, DISTRIBUCION, ETC. (PIE DE IMPRENTA)
Lugar de publicación, distribución, etc. Washington, D.C. :
Nombre del editor, distribuidor, etc. Island Press,
Fecha de publicación, distribución, etc. c1995.
300 ## - DESCRIPCION FISICA
Extensión xvi, 165 paginas. :
Otros detalles físicos ilustraciones. ;
Dimensiones 24 x 15 cm.
504 ## - NOTA DE BIBLIOGRAFIA, ETC.
Nota de bibliografía Includes bibliographical references (p. 135-149) and index.
650 #0 - ASIENTO SECUNDARIO DE MATERIA - TERMINO TEMATICO
Término temático o nombre geográfico como elemento de entrada Limnology
Subdivisión general Research.
9 (RLIN) 48791
650 #1 - ASIENTO SECUNDARIO DE MATERIA - TERMINO TEMATICO
Término temático o nombre geográfico como elemento de entrada Limnologia
9 (RLIN) 48792
650 #0 - ASIENTO SECUNDARIO DE MATERIA - TERMINO TEMATICO
Término temático o nombre geográfico como elemento de entrada Ecosystem management
Subdivisión general Research.
9 (RLIN) 48793
650 #0 - ASIENTO SECUNDARIO DE MATERIA - TERMINO TEMATICO
Término temático o nombre geográfico como elemento de entrada gestión de los ecosistemas
Subdivisión general Investigación.
9 (RLIN) 48794
650 #0 - ASIENTO SECUNDARIO DE MATERIA - TERMINO TEMATICO
Término temático o nombre geográfico como elemento de entrada Water quality management
Subdivisión general Research.
9 (RLIN) 48795
650 #0 - ASIENTO SECUNDARIO DE MATERIA - TERMINO TEMATICO
Término temático o nombre geográfico como elemento de entrada Gestión de la calidad del agua
Subdivisión general Investigación.
9 (RLIN) 48796
650 #0 - ASIENTO SECUNDARIO DE MATERIA - TERMINO TEMATICO
Término temático o nombre geográfico como elemento de entrada Agua dulce
Subdivisión general Investigación
9 (RLIN) 48797
700 1# - ASIENTO SECUNDARIO - NOMBRE PERSONAL
Nombre personal Naiman, Robert J.
9 (RLIN) 16474
856 42 - LOCALIZACION Y ACCESO ELECTRONICOS
Especificación de los materiales Publisher description
Identificador Uniforme del Recurso http://www.loc.gov/catdir/enhancements/fy0666/94039852-d.html
906 ## - LOCAL DATA ELEMENT F, LDF (RLIN)
a 7
b cbc
c orignew
d 1
e ocip
f 19
g y-gencatlg
942 ## - ELEMENTOS ADICIONALES (KOHA)
Sistema de clasificación Dewey Decimal Classification
Tipo de ítem Libro
Koha issues (borrowed), all copies 1
Existencias
Withdrawn status Lost status Sistema de Clasificación Damaged status No para préstamo Colección Inventariado Ubicación Permanente Ubicación actual Fecha de adquisición Fuente de Valor Valor Total Checkouts Total Renewals Número topográfico Inventario / Código de Barras Date last seen Date checked out Ejemplar Price effective from Forma de adquisición Tipo de material
    Dewey Decimal Classification     General Inventariado 2017 Bogotá Bogotá 12/02/2002 Instituto 39000.00 1 1 LB-574.52632072 T37t 003146 04/08/2017 27/06/2017 Ej. 1 04/12/2012   Libro